000 00516nam a22001697a 4500
008 131126b xxu||||| |||| 00| 0 ger d
020 _a370830232X
041 0 _ager
080 _a343.1
110 _aSchriftenreihe des bundesministerium für justiz band 119
245 0 0 _aDie Eu-Erweiterung an Österreichs Grenzen - Justizielle Zusammenarbeit mit zukunft /
260 _aWien :
_bNWV Verlag ;
_c2005.
300 _a180 f. :
_c22 cm.
650 0 _aE drejta penale
_zAustria
650 0 _aE drejta
942 _2udc
_cBK
999 _c355
_d355